000 01078nam a2200325 a 4500
001 000017396
003 DO-SdBNP
005 20180213085642.0
007 000017396
008 100324s2008 dr 000 0 spa d
020 _a9789945420449
040 _aBPMET
_bspa
_cBPMET
092 _aRD863.5
_bA162j
100 1 _aAbreu, Arlyn,
_d1984-
245 1 0 _aJardines urbanos /
_cArlyn Abréu, Carlos J. Núñez.
260 _aSan Francisco de Macorís, República Dominicana :
_bÁngeles de Fierro:
_bNacional,
_c2008.
300 _a58 p. ;
_c21 cm.
650 4 _aCUENTOS DOMINICANOS
650 4 _aLITERATURA DOMINICANA
700 1 _aNúñez, Carlos J.
910 _aValidado. Control de calidad BNPHU
930 1 _lBND01
_mLF1
_hRD863.5
_820100324
_f04
_pHD
_g12232
942 _2ddc
_cBK
945 _aInventariado, 2018/ YL
956 _aJPARRA
_b10
_c20100324
_lBND01
_h1104
956 _aBTAVAREZ
_b10
_c20100325
_lBND01
_h1524
956 _aARIVERA
_b10
_c20100325
_lBND01
_h1531
956 _aMMOLINA
_b30
_c20100325
_lBND01
_h1806
956 _aVMATEO
_b10
_c20150413
_lBND01
_h00151
999 _c7631
_d7631